| 000 | 006350000a22001810004500 | ||
|---|---|---|---|
| 003 | MACL | ||
| 005 | 20160610121051.0 | ||
| 008 | 160610b xxu||||| |||| 00| 0 eng d | ||
| 040 |
_aMACL _cmacl |
||
| 041 | _aHindi | ||
| 082 | _a891.433 | ||
| 100 |
_aकान्ताराव, बलिवाड _960279 |
||
| 245 |
_aगिरा अनयन नयन बिनु बानी _cबलिवाड कान्ताराव |
||
| 260 |
_bभारतीय ज्ञानपीठ प्रकाशन _c1993 _aनई दिल्ली |
||
| 350 | _a75 | ||
| 650 |
_aNovel _963739 |
||
| 942 |
_cHIN _k891.433 _2ddc |
||
| 999 |
_c30391 _d30391 |
||